Statistics for Countries With the Most Banks

Click here to take the quiz!

General Stats

  • This quiz has been taken 45 times
  • The average score is 12 of 15

Answer Stats

HintAnswer% Correct
193China
100%
259Germany
98%
4,488United States
98%
259France
95%
116Japan
95%
311United Kingdom
95%
402Russia
89%
135Spain
89%
229Italy
86%
161India
84%
118Brazil
82%
246Switzerland
82%
132Singapore
52%
164Hong Kong
32%
127Luxembourg
32%

Score Distribution

Percentile by Number Answered

Percent of People with Each Score

Your Score History

You have not taken this quiz